[Event "Budapest FS04 U2250"]
[Site "Budapest"]
[Date "2024.04.11"]
[Round "5"]
[White "Hradeczky, Tamas"]
[Black "Ge, William"]
[Result "0-1"]
[WhiteElo "1832"]
[BlackElo "1935"]
[PlyCount "56"]
[EventDate "2024.04.06"]
[EventType "tourn"]
[EventRounds "9"]
[EventCountry "HUN"]
[SourceTitle "CB18_2024"]
[SourceDate "2024.05.01"]
[SourceVersion "1"]
[SourceVersionDate "2024.05.01"]
[SourceQuality "2"]

1. e4 e5 2. Nf3 Nc6 3. Bc4 Bc5 4. d3 Nf6 5. 0-0 d6 6. a4 a5 7. c3 Ba7 8. h3 0-0 9. Be3 Re8 10. Bxa7 Rxa7 11. Ng5 Rf8 12. Na3 h6 13. Nf3 Re8 14. Re1 Be6 15. Bxe6 Rxe6 16. Nh4 Ra8 17. Nf5 Ne7 18. Nc4 Nxf5 19. exf5 Re8 20. d4 exd4 21. Qxd4 Qd7 22. Rxe8+ Rxe8 23. Ne3 Re4 24. Qd1 Qc6 25. c4 Nd7 26. Nd5 Qxc4 27. Rc1 Rd4 28. Qe1 Qxd5 0-1

[Event "Budapest FS03 FM-2"]
[Site "Budapest"]
[Date "2024.03.20"]
[Round "7"]
[White "Hradeczky, Tamas"]
[Black "Ladanyi, Tibor"]
[Result "1/2-1/2"]
[WhiteElo "1878"]
[BlackElo "1953"]
[PlyCount "36"]
[EventDate "2024.03.14"]
[EventType "tourn"]
[EventRounds "9"]
[EventCountry "HUN"]
[SourceTitle "CB15_2024"]
[SourceDate "2024.04.10"]
[SourceVersion "1"]
[SourceVersionDate "2024.04.10"]
[SourceQuality "1"]

1. c4 e5 2. g3 c5 3. Nc3 Nc6 4. Bg2 g6 5. d3 Bg7 6. e3 Nge7 7. a3 a5 8. h4 h5 9. Nf3 d6 10. Ng5 0-0 11. Rb1 Rb8 12. Nd5 Bg4 13. Bf3 Bxf3 14. Qxf3 Qd7 15. Nb6 Qd8 16. Nd5 Qd7 17. Nb6 Qd8 18. Nd5 Qd7 1/2-1/2

[Event "Budapest FS03 FM-2"]
[Site "Budapest"]
[Date "2024.03.16"]
[Round "3"]
[White "Hradeczky, Tamas"]
[Black "Nagy, Peter1"]
[Result "1-0"]
[WhiteElo "1878"]
[BlackElo "1687"]
[PlyCount "69"]
[EventDate "2024.03.14"]
[EventType "tourn"]
[EventRounds "9"]
[EventCountry "HUN"]
[SourceTitle "CB15_2024"]
[SourceDate "2024.04.10"]
[SourceVersion "1"]
[SourceVersionDate "2024.04.10"]
[SourceQuality "1"]

1. e4 e5 2. Nf3 Nf6 3. Nxe5 d6 4. Nf3 Nxe4 5. Qe2 Qe7 6. Nc3 Nxc3 7. bxc3 Bg4 8. Qxe7+ Bxe7 9. Nd4 Nd7 10. h3 Bh5 11. Rb1 b6 12. Bb5 a6 13. Bc6 Rd8 14. g4 Bg6 15. 0-0 0-0 16. f4 h5 17. d3 Bf6 18. f5 Bh7 19. g5 Be5 20. Bd5 Kh8 21. Nc6 Rde8 22. d4 Bg3 23. Bc4 Re1 24. Bd3 Rfe8 25. Bd2 Rxb1 26. Rxb1 a5 27. c4 h4 28. Kg2 g6 29. f6 Nf8 30. Ne7 Ne6 31. d5 Nf4+ 32. Kf3 Nxd3 33. cxd3 Bg8 34. Bf4 Bxf4 35. Kxf4 1-0

[Event "Budapest FS03 FM"]
[Site "Budapest"]
[Date "2024.03.06"]
[Round "4"]
[White "Bacsi, Andras"]
[Black "Hradeczky, Tamas"]
[Result "0-1"]
[WhiteElo "1771"]
[BlackElo "1878"]
[PlyCount "80"]
[EventDate "2024.03.02"]
[EventType "swiss"]
[EventRounds "9"]
[EventCountry "HUN"]
[SourceTitle "CB13_2024"]
[SourceDate "2024.03.27"]
[SourceVersion "1"]
[SourceVersionDate "2024.03.27"]
[SourceQuality "1"]

1. e4 Nf6 2. e5 Nd5 3. d4 d6 4. Nf3 Bg4 5. Be2 e6 6. 0-0 dxe5 7. Nxe5 Bxe2 8. Qxe2 c6 9. c4 Nf6 10. Be3 Be7 11. Nc3 a6 12. a4 Nbd7 13. Rad1 Bb4 14. Qc2 0-0 15. Ne4 Nxe4 16. Qxe4 Nf6 17. Qc2 Qc8 18. Bg5 Be7 19. Rfe1 h6 20. Bxf6 Bxf6 21. h3 Qc7 22. b3 c5 23. Nf3 cxd4 24. Nxd4 Rad8 25. Nf3 b5 26. axb5 axb5 27. Qe4 bxc4 28. bxc4 Qc5 29. g3 Rc8 30. Rc1 Qb4 31. Kg2 Rc5 32. Re2 Rfc8 33. Rec2 Rd8 34. Qe1 Qb7 35. Qe3 Re5 36. Qa3 Ra8 37. Qd3 Rd8 38. Qa3 Qc6 39. c5 Rf5 40. Rh1 Qe4 0-1

[Event "Budapest FS03 FM"]
[Site "Budapest"]
[Date "2024.03.04"]
[Round "2"]
[White "Szalanczy, Emil"]
[Black "Hradeczky, Tamas"]
[Result "1/2-1/2"]
[WhiteElo "1869"]
[BlackElo "1878"]
[PlyCount "58"]
[EventDate "2024.03.02"]
[EventType "swiss"]
[EventRounds "9"]
[EventCountry "HUN"]
[SourceTitle "CB13_2024"]
[SourceDate "2024.03.27"]
[SourceVersion "1"]
[SourceVersionDate "2024.03.27"]
[SourceQuality "1"]

1. e4 e5 2. Nf3 Nc6 3. Bb5 Nf6 4. 0-0 d6 5. Re1 Be7 6. d4 Bd7 7. c3 0-0 8. Na3 Re8 9. Bg5 h6 10. Bh4 a6 11. Bd3 b5 12. Nc2 Bg4 13. d5 Na5 14. Ne3 Bh5 15. b4 Nc4 16. Bxc4 bxc4 17. Nxc4 Bxf3 18. Qxf3 Nxd5 19. Rad1 Nb6 20. Nxb6 cxb6 21. Bxe7 Rxe7 22. Re3 Qc7 23. Rd5 Re6 24. Qd1 Rg6 25. Qa4 Qc4 26. f3 a5 27. Red3 b5 28. Qa3 a4 29. Qb2 Rc8 1/2-1/2

[Event "Budapest FS03 FM"]
[Site "Budapest"]
[Date "2024.03.02"]
[Round "1"]
[White "Hradeczky, Tamas"]
[Black "Nagy, Peter"]
[Result "1-0"]
[WhiteElo "1878"]
[BlackElo "1687"]
[PlyCount "57"]
[EventDate "2024.03.02"]
[EventType "swiss"]
[EventRounds "9"]
[EventCountry "HUN"]
[SourceTitle "CB13_2024"]
[SourceDate "2024.03.27"]
[SourceVersion "1"]
[SourceVersionDate "2024.03.27"]
[SourceQuality "1"]

1. c4 e5 2. Nc3 Nf6 3. g3 Bb4 4. Bg2 Nc6 5. Nd5 Nxd5 6. cxd5 Ne7 7. Nf3 Ng6 8. h4 f6 9. h5 Ne7 10. a3 Bd6 11. Nh4 0-0 12. Qc2 f5 13. e3 Qe8 14. h6 g5 15. Nf3 Qg6 16. g4 f4 17. Qxg6+ Nxg6 18. Nxg5 fxe3 19. dxe3 Be7 20. Rh5 d6 21. f3 c6 22. dxc6 bxc6 23. Bd2 Bd7 24. Rc1 d5 25. b4 e4 26. Ke2 Ne5 27. Nxe4 Nxg4 28. Nc5 Bf5 29. Rxf5 1-0

[Event "Budapest FS02 FM"]
[Site "Budapest"]
[Date "2024.02.11"]
[Round "8"]
[White "Juracsik, Jozsef"]
[Black "Hradeczky, Tamas"]
[Result "1-0"]
[WhiteElo "1702"]
[BlackElo "1837"]
[PlyCount "87"]
[EventDate "2024.02.03"]
[EventType "tourn"]
[EventRounds "10"]
[EventCountry "HUN"]
[SourceTitle "CB08_2024"]
[SourceDate "2024.02.21"]
[SourceVersion "1"]
[SourceVersionDate "2024.02.21"]
[SourceQuality "1"]

1. e4 e5 2. Nf3 Nc6 3. Bb5 a6 4. Ba4 Nf6 5. d3 d6 6. c3 Be7 7. 0-0 0-0 8. Re1 b5 9. Bb3 Bb7 10. a4 Na5 11. Bc2 c5 12. Nbd2 Nc6 13. Nf1 Re8 14. Ng3 Bf8 15. axb5 axb5 16. Rxa8 Bxa8 17. Nf5 Ne7 18. N3h4 Ng6 19. Nf3 d5 20. exd5 Bxd5 21. Ng5 h6 22. Ne4 Be6 23. Qf3 Nd5 24. h3 Ndf4 25. Neg3 Bd5 26. Ne4 Nh4 27. Nxh4 Qxh4 28. Qg4 Qxg4 29. hxg4 Ne6 30. Ng3 Ng5 31. f4 Nh7 32. Rxe5 Rd8 33. Nh1 Bc6 34. Nf2 Bd6 35. Re1 Nf6 36. Bd2 c4 37. d4 Nd5 38. Be4 Ne7 39. Bxc6 Nxc6 40. Ra1 Bf8 41. Ra6 Rc8 42. Ne4 b4 43. d5 Ne7 44. d6 1-0

[Event "Budapest FS02 FM"]
[Site "Budapest"]
[Date "2024.02.10"]
[Round "7"]
[White "Hradeczky, Tamas"]
[Black "Nagy, Peter1"]
[Result "1-0"]
[WhiteElo "1837"]
[BlackElo "1498"]
[PlyCount "23"]
[EventDate "2024.02.03"]
[EventType "tourn"]
[EventRounds "10"]
[EventCountry "HUN"]
[SourceTitle "CB08_2024"]
[SourceDate "2024.02.21"]
[SourceVersion "1"]
[SourceVersionDate "2024.02.21"]
[SourceQuality "1"]

1. d4 Nf6 2. Nf3 d5 3. c4 e6 4. Nc3 Be7 5. Bg5 Nbd7 6. e3 a6 7. cxd5 exd5 8. Bd3 c6 9. Rc1 h6 10. Bf4 Nh5 11. Nxd5 cxd5 12. Bc7 1-0

[Event "Budapest FS02 FM"]
[Site "Budapest"]
[Date "2024.02.05"]
[Round "3"]
[White "Hradeczky, Tamas"]
[Black "Juracsik, Jozsef"]
[Result "1-0"]
[WhiteElo "1837"]
[BlackElo "1702"]
[PlyCount "79"]
[EventDate "2024.02.03"]
[EventType "tourn"]
[EventRounds "10"]
[EventCountry "HUN"]
[SourceTitle "CB08_2024"]
[SourceDate "2024.02.21"]
[SourceVersion "1"]
[SourceVersionDate "2024.02.21"]
[SourceQuality "1"]

1. Nf3 c5 2. e3 g6 3. d4 Bg7 4. c4 b6 5. Nc3 Nf6 6. d5 d6 7. e4 0-0 8. Be2 Na6 9. 0-0 Nc7 10. Bf4 Nh5 11. Be3 a6 12. Qd2 Rb8 13. a4 Bd7 14. Bh6 b5 15. axb5 axb5 16. Bxg7 Kxg7 17. cxb5 Nxb5 18. Bxb5 Bxb5 19. Rfe1 Bd7 20. h3 Qb6 21. Re2 Ra8 22. Rb1 Nf6 23. e5 dxe5 24. Nxe5 Ra7 25. Nc4 Qa6 26. b3 Bb5 27. Nxb5 Qxb5 28. d6 Rd8 29. Qg5 exd6 30. Ne3 Qxe2 31. Nf5+ Kf8 32. Qxf6 Ke8 33. Nxd6+ Rxd6 34. Qxd6 Rd7 35. Qc6 Kd8 36. Qb6+ Kc8 37. Qc6+ Kd8 38. Qa8+ Ke7 39. Qa1 Rd2 40. Re1 1-0

[Event "Budapest FS02 FM"]
[Site "Budapest"]
[Date "2024.02.03"]
[Round "1"]
[White "Hradeczky, Tamas"]
[Black "Bacsi, Andras"]
[Result "1-0"]
[WhiteElo "1837"]
[BlackElo "1644"]
[PlyCount "71"]
[EventDate "2024.02.03"]
[EventType "tourn"]
[EventRounds "10"]
[EventCountry "HUN"]
[SourceTitle "CB08_2024"]
[SourceDate "2024.02.21"]
[SourceVersion "1"]
[SourceVersionDate "2024.02.21"]
[SourceQuality "1"]

1. c4 Nf6 2. Nf3 e6 3. d4 b6 4. Nc3 Bb7 5. Bg5 Bb4 6. e3 0-0 7. a3 Bxc3+ 8. bxc3 h6 9. Bh4 c5 10. Bd3 d5 11. 0-0 dxc4 12. Bxc4 Nbd7 13. Rc1 Re8 14. Bb5 g5 15. Nxg5 hxg5 16. Bxg5 Kg7 17. dxc5 Nxc5 18. Bxe8 Qxd1 19. Rfxd1 Rxe8 20. f3 e5 21. e4 Re7 22. Be3 Ne6 23. a4 Rd7 24. a5 bxa5 25. Rxd7 Nxd7 26. Ra1 a6 27. Rxa5 Kf8 28. h4 f6 29. g4 Nb8 30. Ra1 Bc6 31. Ba7 Nd7 32. Rxa6 Nd8 33. Be3 Bb5 34. Ra8 Ke7 35. g5 Ne6 36. g6 1-0

[Event "Budapest FS12 Nadassy"]
[Site "Budapest"]
[Date "2023.12.05"]
[Round "4.2"]
[White "Manukonda, Arun"]
[Black "Hradeczky, Tamas"]
[Result "0-1"]
[WhiteElo "2085"]
[BlackElo "1810"]
[PlyCount "59"]
[EventDate "2023.12.02"]
[EventType "tourn"]
[EventRounds "10"]
[EventCountry "HUN"]
[SourceTitle "CB51_2023"]
[SourceDate "2023.12.20"]
[SourceVersion "1"]
[SourceVersionDate "2023.12.20"]
[SourceQuality "1"]
[WhiteTeam "Team Lower Elo"]
[BlackTeam "Team Higher Elo"]
[WhiteTeamCountry "HUN"]
[BlackTeamCountry "HUN"]

1. d4 d5 2. c4 e6 3. Nc3 Be7 4. Nf3 Nf6 5. Bg5 Nbd7 6. e3 c6 7. Bd3 dxc4 8. Bxc4 Nd5 9. Bxe7 Qxe7 10. e4 Nxc3 11. bxc3 e5 12. 0-0 0-0 13. Re1 c5 14. a4 exd4 15. cxd4 cxd4 16. Nxd4 Nb6 17. Bd3 Rd8 18. Nc2 Be6 19. Qe2 Rac8 20. Ne3 Rc3 21. Bb5 a6 22. Nf5 Qf6 23. a5 Nd7 24. Bxd7 Rxd7 25. Rad1 Rxd1 26. Rxd1 g6 27. Ng3 Bc4 28. Qd2 h5 29. Rb1 h4 30. Nf1 0-1

[Event "Budapest FS12 Nadassy"]
[Site "Budapest"]
[Date "2023.12.04"]
[Round "3.2"]
[White "Hradeczky, Tamas"]
[Black "Poor, Sandor"]
[Result "0-1"]
[WhiteElo "1810"]
[BlackElo "1938"]
[PlyCount "50"]
[EventDate "2023.12.02"]
[EventType "tourn"]
[EventRounds "10"]
[EventCountry "HUN"]
[SourceTitle "CB51_2023"]
[SourceDate "2023.12.20"]
[SourceVersion "1"]
[SourceVersionDate "2023.12.20"]
[SourceQuality "1"]
[WhiteTeam "Team Higher Elo"]
[BlackTeam "Team Lower Elo"]
[WhiteTeamCountry "HUN"]
[BlackTeamCountry "HUN"]

1. d4 d5 2. c4 dxc4 3. e4 Nf6 4. e5 Nd5 5. Bxc4 Bf5 6. a3 e6 7. Nc3 c6 8. Nge2 h5 9. Ng3 Nxc3 10. bxc3 Bg6 11. Bd3 h4 12. Bxg6 hxg3 13. fxg3 fxg6 14. Qg4 Kd7 15. Qxg6 Qe8 16. Qg4 Qh5 17. Qe4 Na6 18. c4 Nc7 19. Bb2 Be7 20. Rd1 Qh7 21. Qe2 Qg6 22. 0-0 Raf8 23. Rf3 Qh5 24. h4 Rxf3 25. gxf3 Qg6 0-1

[Event "Budapest FS12 Nadassy"]
[Site "Budapest"]
[Date "2023.12.02"]
[Round "1.2"]
[White "Hradeczky, Tamas"]
[Black "Vedant, Mistry"]
[Result "1-0"]
[WhiteElo "1810"]
[BlackElo "1871"]
[PlyCount "71"]
[EventDate "2023.12.02"]
[EventType "tourn"]
[EventRounds "10"]
[EventCountry "HUN"]
[SourceTitle "CB51_2023"]
[SourceDate "2023.12.20"]
[SourceVersion "1"]
[SourceVersionDate "2023.12.20"]
[SourceQuality "1"]
[WhiteTeam "Team Higher Elo"]
[BlackTeam "Team Lower Elo"]
[WhiteTeamCountry "HUN"]
[BlackTeamCountry "HUN"]

1. e4 e5 2. Nf3 Nc6 3. Bc4 Bc5 4. c3 Nf6 5. d3 h6 6. 0-0 d6 7. d4 exd4 8. cxd4 Bb6 9. h3 Nxe4 10. Re1 d5 11. Bxd5 Qxd5 12. Nc3 Qh5 13. Rxe4+ Be6 14. Ne2 0-0-0 15. Be3 Qf5 16. Rf4 Qb5 17. b3 g5 18. Rf6 Qb4 19. Rxe6 fxe6 20. a3 Qe7 21. Nc3 Nxd4 22. Bxd4 e5 23. Qe2 Bxd4 24. Nxd4 Rxd4 25. Nb5 Rf4 26. Rc1 c6 27. Qe3 Rd8 28. Qxa7 Kd7 29. Qxb7+ Ke8 30. Qxc6+ Qd7 31. Qg6+ Qf7 32. Nd6+ Rxd6 33. Qxd6 Qf5 34. Rc7 Qf6 35. Qd7+ Kf8 36. Rc8+ 1-0

[Event "Budapest FS10 FM"]
[Site "Budapest"]
[Date "2023.10.16"]
[Round "8"]
[White "Bacsi, Andras"]
[Black "Hradeczky, Tamas"]
[Result "0-1"]
[WhiteElo "1722"]
[BlackElo "1760"]
[PlyCount "100"]
[EventDate "2023.10.07"]
[EventType "tourn"]
[EventRounds "9"]
[EventCountry "HUN"]
[SourceTitle "Mega2024 Update 01"]
[Source "Chessbase"]
[SourceDate "2023.11.12"]
[SourceVersion "1"]
[SourceVersionDate "2023.11.12"]
[SourceQuality "1"]

1. e4 e5 2. Nf3 Nc6 3. Bb5 a6 4. Ba4 Nf6 5. 0-0 Bc5 6. c3 0-0 7. d4 Ba7 8. dxe5 Nxe4 9. Nbd2 Nc5 10. Bc2 d5 11. exd6 Qxd6 12. Ne4 Qxd1 13. Rxd1 Bg4 14. Be3 Bxf3 15. gxf3 Ne6 16. Rd2 Ne5 17. Kg2 Nc4 18. Re2 Kh8 19. b3 Nxe3+ 20. fxe3 Rad8 21. f4 f5 22. Ng3 g6 23. Kf3 Rd6 24. Rae1 h5 25. h4 Rc6 26. c4 Bc5 27. Rd1 Bd6 28. Red2 Be7 29. Rh1 Rd8 30. Rxd8+ Bxd8 31. Rh2 a5 32. Nf1 Rd6 33. a3 Be7 34. b4 Rc6 35. c5 axb4 36. axb4 Ra6 37. Bb3 Nf8 38. Bd5 c6 39. Bb3 Ra3 40. Bc4 Nd7 41. Be6 Nf6 42. Bc8 Rb3 43. Bxb7 Rxb4 44. Bxc6 Rc4 45. Bb5 Rxc5 46. Bd3 Ng4 47. Rh1 Ra5 48. Ke2 Ra2+ 49. Nd2 Bc5 50. e4 fxe4 0-1

[Event "Budapest FS10 FM"]
[Site "Budapest"]
[Date "2023.10.11"]
[Round "5"]
[White "Hradeczky, Tamas"]
[Black "Bacsi, Andras"]
[Result "1-0"]
[WhiteElo "1760"]
[BlackElo "1722"]
[PlyCount "49"]
[EventDate "2023.10.07"]
[EventType "tourn"]
[EventRounds "9"]
[EventCountry "HUN"]
[SourceTitle "Mega2024 Update 01"]
[Source "Chessbase"]
[SourceDate "2023.11.12"]
[SourceVersion "1"]
[SourceVersionDate "2023.11.12"]
[SourceQuality "1"]

1. d4 Nf6 2. Nf3 e6 3. c4 b6 4. g3 Bb7 5. Bg2 d5 6. Ne5 Qc8 7. Qa4+ c6 8. Nc3 dxc4 9. Qxc4 Bd6 10. 0-0 0-0 11. Bg5 Bxe5 12. dxe5 Nfd7 13. f4 c5 14. Ne4 Bd5 15. Qc2 Qc6 16. Be7 Re8 17. Ng5 g6 18. e4 Bc4 19. Bd6 Bxf1 20. Rxf1 h6 21. f5 hxg5 22. fxg6 f6 23. exf6 Nxf6 24. e5 Nd5 25. Qf2 1-0

[Event "Budapest FS10 FM"]
[Site "Budapest"]
[Date "2023.10.08"]
[Round "2"]
[White "Bacsi, Andras"]
[Black "Hradeczky, Tamas"]
[Result "0-1"]
[WhiteElo "1722"]
[BlackElo "1760"]
[PlyCount "80"]
[EventDate "2023.10.07"]
[EventType "tourn"]
[EventRounds "9"]
[EventCountry "HUN"]
[SourceTitle "Mega2024 Update 01"]
[Source "Chessbase"]
[SourceDate "2023.11.12"]
[SourceVersion "1"]
[SourceVersionDate "2023.11.12"]
[SourceQuality "1"]

1. e4 c5 2. Nf3 d6 3. d4 cxd4 4. Nxd4 Nf6 5. Nc3 a6 6. Be2 e5 7. Nb3 Be7 8. a4 b6 9. f4 Nbd7 10. 0-0 Bb7 11. Bf3 b5 12. axb5 Qb6+ 13. Kh1 axb5 14. Rxa8+ Bxa8 15. Qe2 b4 16. Nd5 Bxd5 17. exd5 0-0 18. fxe5 dxe5 19. Rd1 Bd6 20. Bg4 Qc7 21. Bxd7 Nxd7 22. Be3 f5 23. Bg1 Nf6 24. Qd3 g6 25. Rd2 f4 26. Qb5 Qf7 27. Qc6 Ne4 28. Rd3 Qf5 29. Nd2 Rc8 30. Qa4 Nxd2 31. Rxd2 e4 32. Qa6 e3 33. Rd1 f3 34. Bxe3 Qxc2 35. Rg1 Rd8 36. Qf1 Rf8 37. Qf2 Qe4 38. Bh6 Rf5 39. gxf3 Rxf3 40. Qg2 Rh3 0-1

[Event "Budapest FS07 FM"]
[Site "Budapest"]
[Date "2023.07.11"]
[Round "10"]
[White "Hradeczky, Tamas"]
[Black "Csiba, Tibor"]
[Result "1-0"]
[WhiteElo "1775"]
[BlackElo "1580"]
[PlyCount "120"]
[EventDate "2023.07.01"]
[EventType "tourn"]
[EventRounds "10"]
[EventCountry "HUN"]
[SourceTitle "EXT 2024"]
[Source "ChessBase"]
[SourceDate "2023.10.10"]
[SourceVersion "1"]
[SourceVersionDate "2023.10.10"]
[SourceQuality "1"]

1. d4 Nf6 2. Nf3 d5 3. c4 e6 4. Nc3 c5 5. cxd5 Nxd5 6. e4 Nxc3 7. bxc3 Be7 8. Rb1 0-0 9. Bc4 Nd7 10. 0-0 Qc7 11. Qe2 Nb6 12. Bd3 c4 13. Bc2 Bd7 14. e5 Ba4 15. Be4 Bc6 16. Bc2 Ba4 17. Bxa4 Nxa4 18. Qc2 Nb6 19. Bg5 h6 20. Bxe7 Qxe7 21. Nd2 Rac8 22. Ne4 Rc7 23. f4 f5 24. exf6 gxf6 25. Rbe1 Nd5 26. Ng3 f5 27. Re5 Rc6 28. Rfe1 Qf7 29. Rxd5 exd5 30. Re5 Rf6 31. Qe2 Qc7 32. Nxf5 Kh8 33. Qh5 Qh7 34. g4 Qf7 35. Qxf7 R8xf7 36. Rxd5 h5 37. Nd6 Rxd6 38. Rxd6 Rxf4 39. gxh5 Rf3 40. Rh6+ Kg7 41. Rg6+ Kh7 42. Rg3 Rf5 43. Kg2 b5 44. Rf3 Rg5+ 45. Kf2 Rxh5 46. h3 a5 47. a3 Kg6 48. Ke3 Rh8 49. d5 b4 50. axb4 axb4 51. cxb4 Rb8 52. Kd4 Rxb4 53. Rc3 Kf7 54. Rxc4 Rb3 55. Rc3 Rb4+ 56. Kc5 Rh4 57. Re3 Rh6 58. d6 Rh8 59. d7 Ra8 60. Kb6 Ra1 1-0

[Event "Budapest FS07 FM"]
[Site "Budapest"]
[Date "2023.07.05"]
[Round "5"]
[White "Csiba, Tibor"]
[Black "Hradeczky, Tamas"]
[Result "1/2-1/2"]
[WhiteElo "1580"]
[BlackElo "1775"]
[PlyCount "82"]
[EventDate "2023.07.01"]
[EventType "tourn"]
[EventRounds "10"]
[EventCountry "HUN"]
[SourceTitle "EXT 2024"]
[Source "ChessBase"]
[SourceDate "2023.10.10"]
[SourceVersion "1"]
[SourceVersionDate "2023.10.10"]
[SourceQuality "1"]

1. d4 e6 2. c4 Nf6 3. Nc3 Bb4 4. Qc2 d5 5. a3 Bxc3+ 6. Qxc3 b6 7. Bg5 c6 8. Nf3 h6 9. Bxf6 Qxf6 10. e3 0-0 11. Be2 Nd7 12. cxd5 exd5 13. 0-0 Re8 14. Rac1 Bb7 15. Bd1 a5 16. Ba4 Qd6 17. Rc2 b5 18. Bb3 b4 19. axb4 axb4 20. Qd2 Ba6 21. Rfc1 Bb5 22. Qd1 Rec8 23. Ra1 Rxa1 24. Qxa1 Bd3 25. Rd2 Be4 26. Bd1 c5 27. dxc5 Qxc5 28. Bb3 Nb6 29. h3 Qe7 30. Nd4 Qg5 31. g3 h5 32. Qa7 Qd8 33. Bc2 Ra8 34. Qb7 Ra1+ 35. Rd1 Rxd1+ 36. Bxd1 Qd6 37. Bc2 Bxc2 38. Nxc2 h4 39. g4 g6 40. b3 Kg7 41. Nd4 Kg8 1/2-1/2